Top 10 Plateformes Streaming - Statistiques

Statistiques générales
  • Ce quiz a été pris 892 fois
  • Le résultat moyen est 4 sur 10
Statistiques - réponses
Nombre d'abonnés Plateforme % Correct
260 millions Netflix
99%
150 millions Disney +
90%
200 millions Amazon Prime
87%
63 millions Paramount +
43%
40 millions Apple
39%
82 millions HBO Max
36%
48 millions Hulu
11%
39 millions Eros Now
1%
106 millions iQIYI
0%
124 millions Tencent Video
0%
Aucun quiz correspondant
Distribution des résultats
% des personnes avec chaque résultat
Percentile par nombre de réponses
Votre historique - résultats
Vous n’avez pas pris ce quiz